| 000 | 00780nam a2200241Ia 4500 | ||
|---|---|---|---|
| 003 | OSt | ||
| 005 | 20220918165920.0 | ||
| 006 | a|||||r|||| 00| 0 | ||
| 007 | ta | ||
| 008 | 220917b |||||||| |||| 00| 0 eng d | ||
| 020 |
_a8180696472 (hbk) _c900 |
||
| 024 | _a243,403 | ||
| 037 |
_b155, 28/08/2010, Eastern Book Linkers _cTextual |
||
| 040 |
_aARTS _cARTS _beng |
||
| 041 |
_2eng _aeng |
||
| 082 | _aQ4:23, Q0 | ||
| 100 |
_aSingh Lalan Prasad _926122 |
||
| 245 | 0 |
_aBuddhist tantra _b A philosophical reflection and religious investigation |
|
| 260 |
_aNew Delhi _bConcept Publishing Company India _c2010 |
||
| 300 |
_axi,160p _ccm. |
||
| 942 |
_hQ4:23, Q0 _cTEXL _2CC |
||
| 999 |
_c131715 _d131715 |
||